000 00270nam a2200097Ia 4500
082 _a787.8707 CHAP
245 0 _aThe new complete guitarist
100 _a CHAPMAN, Richard London, 2003 Rev. ed
_975545
942 _cBK
008 210817s9999 xx 000 0 und d
999 _c250055
_d250054